000 00347nam a2200133Ia 4500
005 20260326100034.0
008 260326s9999||||xx |||||||||||||| ||und||
100 _aCoronel Arroyo, Jaime
245 0 _aEl Arquitecto y la Nacionalidad /
_cJaime Coronel Arroyo
260 _bAndes
300 _a288 p.
650 _aARQUITECTURA REGIONAL
942 _cBK
999 _c6732
_d6732